[Event "POL-chT 2 Liga 2019"]
[Site "Poronin"]
[Date "2019.09.09"]
[Round "3.7"]
[White "Molenda, Marcin"]
[Black "Kozak, Antoni"]
[Result "0-1"]
[WhiteElo "2373"]
[BlackElo "2341"]
[Annotator "RC"]
[PlyCount "60"]
[EventDate "2019.09.07"]
[EventType "team-tourn"]
[EventCountry "POL"]
[SourceTitle "playchess.com"]
[Source "ChessBase"]
[SourceQuality "1"]
[TimeControl "40/5400+30:1800+30"]

1. Nf3 {[%emt 0:00:00]} c5 {[%emt 0:02:13]} 2. g3 {[%emt 0:00:00]} Nc6 {[%emt 0:00:49]} 3. Bg2 {[%emt 0:00:08]} Nf6 {[%emt 0:01:57]} 4. O-O {[%emt 0:00:45]} e5 {[%emt 0:00:03]} 5. e4 {[%emt 0:01:59]} Be7 {[%emt 0:00:18]} 6. d3 {[%emt 0:01:03]} O-O {[%emt 0:00:09]} 7. c3 {[%emt 0:02:47]} d6 {[%emt 0:02:07]} 8. Nbd2 {[%emt 0:01:31]} Re8 {[%emt 0:09:04]} 9. Re1 {[%emt 0:08:48]} Bf8 {[%emt 0:01:37]} 10. Nc4 {[%emt 0:02:18]} b5 {[%emt 0:03:02]} 11. Ne3 {[%emt 0:00:42]} Rb8 {[%emt 0:00:04]} 12. a3 {[%emt 0:06:56]} h6 {[%emt 0:08:46]} 13. Qc2 {[%emt 0:15:39]} Be6 {[%emt 0:05:23]} 14. b4 {[%emt 0:05:39]} g6 {[%emt 0:08:24]} 15. Bb2 {[%emt 0:01:42]} Rc8 {[%emt 0:02:29]} 16. Qb1 {[%emt 0:03:59]} d5 {[%emt 0:12:33]} 17. exd5 {[%emt 0:08:39]} Nxd5 {[%emt 0:00:12]} 18. Nf1 {[%emt 0:00:36]} Bf5 {[%emt 0:04:14]} 19. Nh4 {[%emt 0:01:26]} Be6 {[%emt 0:00:15]} 20. Nf3 {[%emt 0:07:44]} Qc7 {[%emt 0:05:48]} 21. c4 {[%emt 0:04:19]} bxc4 {[%emt 0:00:08]} 22. dxc4 {[%emt 0:00:04]} Nb6 {[%emt 0:03:35]} 23. Nxe5 {[%emt 0:02:05]} Bf5 {[%emt 0:00:21]} 24. Bxc6 {[%emt 0:16:31]} Bd3 25. Qc2 Bxc2 {[%emt 0:00:40]} 26. Bxe8 {[%emt 0:00:32]} Bb1 {[%emt 0:06:42]} 27. Raxb1 {[%emt 0:04:38]} Rxe8 {[%emt 0:01:09]} 28. bxc5 {[%emt 0:02:23]} Bg7 {[%emt 0:00:28]} 29. Ba1 {[%emt 0:01:06]} Na4 {[%emt 0:01:05]} 30. Rb3 {[%emt 0:01:01]} Bxe5 {[%emt 0:00:30]} 0-1

[Event "POL-chT 2 Liga 2019"]
[Site "Poronin"]
[Date "2019.09.09"]
[Round "3.8"]
[White "Mis, Mieszko"]
[Black "Czerw, Dawid"]
[Result "1-0"]
[WhiteElo "2320"]
[BlackElo "2269"]
[Annotator "TA"]
[PlyCount "85"]
[EventDate "2019.09.07"]
[EventType "team-tourn"]
[EventCountry "POL"]
[SourceTitle "playchess.com"]
[Source "ChessBase"]
[SourceQuality "1"]

{[%evp 11,85,17,30,31,54,47,70,60,72,59,56,63,74,55,64,50,81,41,45,53,66,60,71,72,124,124,130,118,124,130,118,109,82,54,146,144,157,157,160,121,338,336,442,445,837,825,1052,470,638,628,521,315,304,274,398,391,383,378,506,489,489,473,778,757,746,744,729,721,683,667,634,626,581,584,29996,29997]} 1. c4 Nf6 2. Nc3 e6 3. e4 d5 4. cxd5 exd5 5. e5 Ne4 6. Nf3 Nxc3 7. dxc3 {A18: English Opening: Flohr-Mikenas System (1 c4 Nf6 2 Nc3 e6 3 e4)} (7. bxc3 Be7 8. d4 c5 9. Be2 Nc6 10. O-O O-O 11. dxc5 Bxc5 12. Bg5 Qa5 13. Qc2 Bg4 14. Bf4 h6 {½-½ (52) Gelfand,B (2697)-Esipenko,A (2564) Moscow 2017}) 7... c6 8. Bd3 Bg4 9. h3 {White is slightly better.} Bh5 10. g4 Bg6 11. Bxg6 $146 ({Predecessor:} 11. e6 fxe6 12. Bxg6+ hxg6 13. Qd3 Qd6 14. Qxg6+ Kd8 15. Ng5 {1-0 (17) Ajanski,J (2350)-Eldridge,P (1936) Balatonboglar 1996}) 11... fxg6 12. Nd4 $36 {[%mdl 2048] White has some pressure.} Bc5 13. Be3 {Threatens to win with Ne6.} Bxd4 14. Qxd4 O-O 15. O-O-O Na6 16. f4 Qe7 17. Rhf1 Rae8 (17... Qe6 $142) 18. Qxa7 $16 g5 19. f5 {Strongly threatening e6.} Qxe5 20. Bxg5 Qc7 21. Bf4 Qa5 22. Kb1 (22. Qxb7 $6 Qxa2 23. Rf2 (23. Qxc6 d4 $11) 23... Rf6 $11) (22. Bd6 {looks sharper.} Qxa2 23. Qf2 Qa1+ 24. Kc2 Qa4+ 25. Kb1) 22... Ra8 (22... Qb5 $1 $14) 23. Qd4 Nc5 24. a3 Ne4 25. Be5 Rad8 $2 (25... Qb5 $16 {keeps fighting.}) 26. Bxg7 $18 c5 27. Qe5 Rde8 (27... Rfe8 $142) 28. Qxd5+ {[%mdl 64] Double Attack} Kxg7 29. f6+ (29. Qd7+ $142 Kh8 30. f6) 29... Rxf6 {...Nxc3+! is the strong threat.} 30. Qd7+ {[%mdl 64] Double Attack} Kf8 {With the idea ...Qb6.} 31. Rxf6+ Nxf6 {[#]} 32. Qf5 $1 {[%cal Rf5f6][%mdl 512]} Kg7 (32... Qb6 {was called for.}) 33. g5 Ng8 34. Rd7+ {[%mdl 64] Double Attack} Ne7 35. Qf6+ Kg8 36. Qe6+ ({Not} 36. Rxe7 Rxe7 37. Qxe7 Qb5 $18) 36... Kf8 (36... Kh8 $142 37. Rxe7 Rxe7 38. Qxe7 Qa8 39. Qxc5 Qe8) 37. Rd2 {White threatens Rf2+ and mate.} Rd8 38. Rf2+ Ke8 39. Rf7 {[%csl Gf7][%cal Re6e7]} Rd1+ {[#]} 40. Kc2 $1 {[%csl Gf7][%cal Re6e7]} ({And not} 40. Ka2 Qd8 $11) 40... Rd7 41. Rxh7 {[%cal Rh7h8]} Kd8 {[#]} 42. Qe5 $1 {[%mdl 512] Rh8+ would kill now.} Rc7 43. Qd6+ {Accuracy: White = 86%, Black = 30%.} 1-0

[Event "POL-chT 2 Liga 2019"]
[Site "Poronin"]
[Date "2019.09.09"]
[Round "3.9"]
[White "Niedbala, Bartlomiej"]
[Black "Szpar, Milosz"]
[Result "1/2-1/2"]
[WhiteElo "2145"]
[BlackElo "2309"]
[Annotator "TA"]
[PlyCount "60"]
[EventDate "2019.09.07"]
[EventType "team-tourn"]
[EventCountry "POL"]
[SourceTitle "playchess.com"]
[Source "ChessBase"]
[SourceQuality "1"]

{[%evp 15,60,16,17,9,14,16,15,0,24,18,55,11,16,8,33,10,83,82,130,123,130,119,102,105,159,126,120,118,118,118,135,119,175,161,146,119,123,103,113,76,97,60,58,12,18,3,0]} 1. d4 Nf6 2. c4 e6 3. g3 Bb4+ 4. Bd2 Be7 5. Bg2 d5 6. Nf3 c6 7. Qc2 Nbd7 8. O-O O-O 9. Rc1 {E11: Bogo-Indian} (9. Bf4 b6 10. Rd1 Ba6 11. cxd5 cxd5 12. Ne5 Nxe5 13. dxe5 Ng4 14. h3 g5 15. Bxg5 Nxe5 16. Bxe7 Qxe7 17. e4 dxe4 18. Qxe4 {½-½ (32) Yu,Y (2751)-Ding,L (2809) Shenzhen 2019}) 9... a5 10. Bf4 $146 ({Predecessor:} 10. Bg5 h6 11. Bxf6 Nxf6 12. Nbd2 a4 13. e3 Qa5 14. Ne5 Nd7 15. Nd3 b6 16. cxd5 {½-½ (20) Maksimenko,A (2536)-Marcelin,C (2494) Germany 2009}) 10... Nh5 11. Bd2 f5 12. Nc3 Bd6 13. e3 Qe7 14. Ne2 g5 15. a3 h6 (15... g4 $11 16. c5 Bc7) 16. b4 $36 {[%mdl 2048] Keeping Black busy.} dxc4 17. bxa5 Bxa3 18. Rcb1 Bd6 19. Qxc4 Ra6 (19... Nhf6 $142) 20. Nc1 Nhf6 21. Nd3 Nd5 22. Nfe5 {And now Ng6 would win.} Nxe5 23. dxe5 Bb8 (23... Bc7 $16) 24. e4 $18 fxe4 25. Bxe4 Qg7 26. Re1 Ba7 27. Rab1 b5 28. axb6 Bxb6 29. Rf1 Qa7 $1 30. Qc1 Ra4 {Accuracy: White = 47%, Black = 62%.} 1/2-1/2

[Event "POL-chT 2 Liga 2019"]
[Site "Poronin"]
[Date "2019.09.09"]
[Round "3.10"]
[White "Mika, Tomasz"]
[Black "Galuszka, Tomasz"]
[Result "0-1"]
[WhiteElo "2136"]
[BlackElo "2222"]
[Annotator "TA"]
[PlyCount "56"]
[EventDate "2019.09.07"]
[EventType "team-tourn"]
[EventCountry "POL"]
[SourceTitle "playchess.com"]
[Source "ChessBase"]
[SourceQuality "1"]

{[%evp 9,112,-6,16,16,15,9,18,0,0,0,0,0,0,-6,0,-15,0,-29,-33,-29,-29,-41,-24,-27,-30,-29,-35,-215,-209,-196,-202,-231,-227,-286,-264,-272,-277,-374,-295,-273,-214,-231,-183,-228,-130,-145,-124,-168,-119,-130,-125,-166,-105,-149,-82,-170,-88,-82,-90,-77,-79,-109,-107,-97,-26,-160,-132,-252,0,0,0,0,0,0,0,0,0,0,0,-6,0,-16,-14,-63,-60,-116,-112,-120,-69,-233,-227,-227,-219,-219,-219,-212,-32,-29963,-29965,-29964,-29966,-29976,-29977,-29977,-29978]} 1. d4 d5 2. Bf4 Nf6 3. e3 c5 4. c3 Nc6 5. Nd2 cxd4 (5... Qb6 6. Qb3 Nh5 7. Qxb6 axb6 8. Bc7 cxd4 9. exd4 e5 10. Bxe5 Nxe5 11. dxe5 Bc5 12. g3 O-O {1-0 (76) Aronian,L (2765)-Caruana,F (2832) London 2018}) 6. exd4 {D00: 1 d4 d5: Unusual lines} Bf5 7. Ngf3 e6 8. Qa4 {The position is equal.} Bd6 $146 ({Predecessor:} 8... Nd7 9. Qb3 Qb6 10. Nh4 Be4 11. Qxb6 Nxb6 12. a4 Be7 {½-½ (21) Babarykin,S (2332)-Janjic,S (2147) Ohrid 2017}) 9. Bxd6 Qxd6 10. Be2 O-O 11. O-O h6 12. Rfe1 a6 13. b4 Rfc8 14. Qb3 Rc7 15. a4 Ne4 16. Nxe4 Bxe4 17. Nd2 Bg6 18. Qb2 $2 {[#]} (18. Rac1 $15) 18... Nxd4 $1 $19 {[%mdl 512] White must now prevent ...Nc2.} 19. Bd1 (19. cxd4 Rc2) 19... Nc6 20. Rc1 Rac8 21. Bf3 Ne5 22. Be2 Bd3 {Hoping for ...Bxe2.} 23. Bf3 Bc4 24. Re3 a5 25. Rd1 axb4 26. cxb4 Nd7 (26... f6 $19 27. Bh5 Bd3) 27. g3 Nf6 28. Nb1 Ra8 {Played: Qd6-b6} 0-1

[Event "POL-chT 2 Liga 2019"]
[Site "Poronin"]
[Date "2019.09.09"]
[Round "3.11"]
[White "Koloczek, Maciej"]
[Black "Sowinski, Pawel"]
[Result "0-1"]
[WhiteElo "1932"]
[BlackElo "1606"]
[Annotator "NA RC"]
[PlyCount "82"]
[EventDate "2019.09.07"]
[EventType "team-tourn"]
[EventCountry "POL"]
[SourceTitle "playchess.com"]
[Source "ChessBase"]
[SourceQuality "1"]
[TimeControl "40/5400+30:1800+30"]

1. e4 {[%emt 0:00:00]} c5 {[%emt 0:00:12]} 2. Nf3 {[%emt 0:00:00]} e6 {[%emt 0:00:44]} 3. d4 {[%emt 0:00:40]} cxd4 {[%emt 0:00:20]} 4. Nxd4 {[%emt 0:00:14]} a6 {[%emt 0:00:14]} 5. c4 {[%emt 0:01:03]} Nf6 {[%emt 0:00:20]} 6. Nc3 {[%emt 0:00:30]} Bb4 {[%emt 0:00:43]} 7. Qd3 {[%emt 0:01:32]} Nc6 {[%emt 0:03:24]} 8. Nc2 {[%emt 0:15:22]} d5 {[%emt 0:22:43]} 9. exd5 {[%emt 0:14:38]} exd5 {[%emt 0:01:40]} 10. cxd5 {[%emt 0:04:39]} Nxd5 {[%emt 0:01:12]} 11. Qe4+ {[%emt 0:03:38]} Qe7 {[%emt 0:03:26]} 12. Qxe7+ {[%emt 0:01:41]} Kxe7 {[%emt 0:00:27]} 13. Bd2 {[%emt 0:00:29]} Nxc3 {[%emt 0:02:10]} 14. bxc3 {[%emt 0:00:32]} Bc5 {[%emt 0:01:10]} 15. Be2 {[%emt 0:03:24]} Be6 {[%emt 0:03:19]} 16. O-O {[%emt 0:02:55]} Rhd8 {[%emt 0:07:04]} 17. Bf4 {[%emt 0:03:26]} Bd6 {[%emt 0:05:49]} 18. Be3 {[%emt 0:03:46]} Be5 {[%emt 0:02:29]} 19. Rab1 {[%emt 0:05:23]} Rd7 {[%emt 0:14:55]} 20. c4 {[%emt 0:13:18]} Rc8 {[%emt 0:04:02]} 21. Nb4 {[%emt 0:03:47]} Nd4 {[%emt 0:01:34]} 22. Bxd4 {[%emt 0:01:15]} Bxd4 {[%emt 0:02:50]} 23. Nd5+ {[%emt 0:00:43]} Bxd5 {[%emt 0:01:54]} 24. cxd5 {[%emt 0:00:10]} Rc2 {[%emt 0:00:59]} 25. Bg4 {[%emt 0:01:26]} Rdc7 {[%emt 0:02:11]} 26. Rbd1 {[%emt 0:01:13]} R7c4 {[%emt 0:01:54]} 27. Rfe1+ {[%emt 0:06:30]} Kd6 {[%emt 0:02:43]} 28. Re2 {[%emt 0:00:24]} Rxe2 {[%emt 0:06:52]} 29. Bxe2 {[%emt 0:00:06]} Rc2 {[%emt 0:00:10]} 30. Kf1 {[%emt 0:00:22]} Kxd5 {[%emt 0:01:04]} 31. a4 {[%emt 0:01:03]} b5 {[%emt 0:02:03]} 32. axb5 {[%emt 0:00:19]} axb5 {[%emt 0:00:08]} 33. Rb1 {[%emt 0:01:19]} b4 {[%emt 0:00:12]} 34. g3 {[%emt 0:00:44]} Kc5 {[%emt 0:01:24]} 35. h3 {[%emt 0:00:49]} Rb2 {[%emt 0:01:38]} 36. Rxb2 {[%emt 0:01:05]} Bxb2 {[%emt 0:00:09]} 37. Ke1 {[%emt 0:00:51]} Kd4 {[%emt 0:00:48]} 38. Kd2 {[%emt 0:00:47]} Bc3+ {[%emt 0:00:37]} 39. Kc2 {[%emt 0:00:27]} Be1 {[%emt 0:00:10]} 40. g4 {[%emt 0:00:00]} Bxf2 {[%emt 0:00:00]} 41. Kb3 {[%emt 0:02:46]} Be1 {[%emt 0:00:41]} 0-1

[Event "POL-chT 2 Liga 2019"]
[Site "Poronin"]
[Date "2019.09.09"]
[Round "3.12"]
[White "Swiech, Joanna"]
[Black "Adamczyk, Zuzanna"]
[Result "1-0"]
[WhiteElo "2055"]
[BlackElo "1938"]
[Annotator "NA RC"]
[PlyCount "91"]
[EventDate "2019.09.07"]
[EventType "team-tourn"]
[EventCountry "POL"]
[SourceTitle "playchess.com"]
[Source "ChessBase"]
[SourceQuality "1"]
[TimeControl "40/5400+30:1800+30"]

1. d4 {[%emt 0:00:00]} Nf6 {[%emt 0:00:00]} 2. c4 {[%emt 0:00:00]} e6 {[%emt 0:00:00]} 3. a3 {[%emt 0:00:00]} b6 {[%emt 0:00:26]} 4. Nc3 {[%emt 0:00:00]} Bb7 {[%emt 0:00:32]} 5. d5 {[%emt 0:00:16]} e5 {[%emt 0:07:47]} 6. e4 {[%emt 0:00:40]} d6 {[%emt 0:00:52]} 7. Bd3 {[%emt 0:01:18]} Nbd7 {[%emt 0:04:26]} 8. Nf3 {[%emt 0:03:25]} g6 {[%emt 0:02:37]} 9. h3 {[%emt 0:02:28]} Bg7 {[%emt 0:01:28]} 10. Bg5 {[%emt 0:00:58]} h6 {[%emt 0:01:39]} 11. Be3 {[%emt 0:00:35]} Nh5 {[%emt 0:05:29]} 12. Qd2 {[%emt 0:10:08]} g5 {[%emt 0:26:43]} 13. g3 {[%emt 0:04:03]} a5 {[%emt 0:06:30]} 14. O-O {[%emt 0:08:33]} O-O {[%emt 0:03:13]} 15. Qe2 {[%emt 0:05:02]} Ndf6 {[%emt 0:08:31]} 16. h4 {[%emt 0:03:51]} g4 {[%emt 0:03:45]} 17. Ne1 {[%emt 0:03:31]} Bc8 {[%emt 0:02:05]} 18. Ng2 {[%emt 0:01:53]} Ne8 {[%emt 0:06:34]} 19. Bd2 {[%emt 0:02:25]} Kh7 {[%emt 0:05:21]} 20. Ne3 {[%emt 0:02:02]} Rg8 {[%emt 0:01:55]} 21. Nf5 {[%emt 0:03:53]} Bf8 {[%emt 0:01:15]} 22. Nd1 {[%emt 0:04:32]} Bxf5 {[%emt 0:04:05]} 23. exf5 {[%emt 0:00:07]} Nef6 {[%emt 0:01:17]} 24. Qe3 {[%emt 0:08:18]} Qd7 {[%emt 0:02:13]} 25. Nc3 {[%emt 0:01:05]} Kh8 {[%emt 0:01:32]} 26. b4 {[%emt 0:01:39]} axb4 {[%emt 0:01:11]} 27. axb4 {[%emt 0:00:06]} Re8 {[%emt 0:00:32]} 28. c5 {[%emt 0:07:23]} dxc5 {[%emt 0:01:02]} 29. Bb5 {[%emt 0:00:14]} Qxf5 {[%emt 0:00:08]} 30. Bxe8 {[%emt 0:00:20]} Nxe8 {[%emt 0:00:24]} 31. bxc5 {[%emt 0:00:15]} bxc5 {[%emt 0:00:22]} 32. Rfe1 {[%emt 0:01:41]} f6 {[%emt 0:00:34]} 33. Ra7 {[%emt 0:02:50]} Qd7 {[%emt 0:00:56]} 34. Rb1 {[%emt 0:06:09]} Nd6 {[%emt 0:00:24]} 35. Rb8 {[%emt 0:02:44]} Nc4 {[%emt 0:00:35]} 36. Qd3 {[%emt 0:00:31]} Nxd2 {[%emt 0:00:17]} 37. Qxd2 {[%emt 0:00:07]} Nf4 {[%emt 0:00:42]} 38. Raa8 {[%emt 0:03:46]} Qg7 {[%emt 0:00:56]} 39. Ne4 {[%emt 0:04:06]} Nh3+ {[%emt 0:00:23]} 40. Kh2 {[%emt 0:00:00]} f5 {[%emt 0:00:00]} 41. Nxc5 {[%emt 0:00:58]} Nf4 {[%emt 0:07:07]} 42. Ne6 {[%emt 0:03:17]} Nxe6 {[%emt 0:01:10]} 43. dxe6 {[%emt 0:00:06]} f4 {[%emt 0:00:28]} 44. Re8 {[%emt 0:04:10]} fxg3+ {[%emt 0:08:08]} 45. fxg3 {[%emt 0:00:05]} Qf6 {[%emt 0:00:24]} 46. e7 {[%emt 0:00:37]} 1-0

[Event "POL-chT 2 Liga 2019"]
[Site "Poronin"]
[Date "2019.09.09"]
[Round "3.13"]
[White "Marszalek, Maciej"]
[Black "Krzyzanowski, Marcin"]
[Result "1-0"]
[WhiteElo "2301"]
[BlackElo "2502"]
[Annotator "TA"]
[PlyCount "97"]
[EventDate "2019.09.07"]
[EventType "team-tourn"]
[EventCountry "POL"]
[SourceTitle "playchess.com"]
[Source "ChessBase"]
[SourceQuality "1"]

{[%evp 21,97,12,16,25,19,26,21,16,68,63,80,72,75,73,127,137,204,188,191,151,317,320,313,291,394,395,414,408,420,318,317,311,474,347,353,338,431,417,406,321,351,332,310,286,284,270,337,349,383,383,375,379,377,371,322,317,517,518,506,510,466,470,452,431,581,575,835,831,946,858,796,683,683,772,756,738,1059,783]} 1. d4 Nf6 2. Nf3 g6 3. g3 c5 4. c4 cxd4 5. Nxd4 Bg7 6. Bg2 O-O 7. O-O Nc6 8. Nc3 Qa5 9. Nb3 Qh5 10. e4 Qxd1 11. Rxd1 d6 12. c5 {A39: Symmetrical English vs ...g6: 4 Bg2 Bg7 5 Nf3 Nf6 6 0-0 0-0 7 d4} dxc5 13. Nxc5 {[#]} h6 $146 ({Predecessor:} 13... b6 14. e5 Nxe5 15. Bxa8 Bg4 16. Re1 Rxa8 17. Rxe5 bxc5 18. Rxc5 Nd7 19. Rc7 Be5 {1-0 (29) Sargissian,G (2686)-Harikrishna,P (2726) Dubai 2014}) 14. h3 {The position is equal.} Kh7 ({Black should play} 14... e5 $11) 15. Be3 $14 Ne8 16. Rac1 Nd6 17. b3 f5 (17... Rd8 $142) 18. Nd5 $36 {[%mdl 2048] White is in control.} Nb5 (18... fxe4 $16 {keeps fighting.} 19. Nxe7 {[%mdl 64] Remove Defender} (19. Nxe4 Nxe4 20. Bxe4 Bxh3 $14) 19... Nxe7) 19. exf5 $18 gxf5 20. Nf4 Nd8 $2 {[#]} (20... Nbd4 $16 21. Bxc6 Nxc6) 21. a4 Nc3 22. Rd2 Rb8 23. Nd7 Bxd7 24. Rxd7 Rf7 25. Kh2 Nc6 26. Ne6 Be5 (26... Bf6 {was called for.} 27. f4 Kg8) 27. f4 Bf6 28. Bd2 Na2 29. Rc4 a5 30. Bd5 Kg6 31. Nc5 e6 32. Bxe6 Rxd7 33. Bxd7 ({Less strong is} 33. Nxd7 Re8 $16) 33... Nd4 34. Be3 ({Not} 34. Bxa5 b6 $16) 34... b6 35. Bxd4 bxc5 36. Bxf6 Kxf6 37. Rxc5 {[%mdl 64] [#] Double Attack} Rxb3 38. Bxf5 {[%mdl 4096] Endgame KRB-KRN} Nc3 $2 (38... Rb4 39. Rxa5 Nc3) 39. Bc2 {White is clearly winning.} Ra3 40. g4 Ne2 41. g5+ hxg5 42. fxg5+ Ke6 43. Bf5+ Kd6 44. Rxa5 Nd4 45. Bg4 Rb3 46. Kg2 Nc2 47. Kf2 Nb4 48. Rb5 Ke7 49. Be2 {Accuracy: White = 79%, Black = 31%.} 1-0

[Event "POL-chT 2 Liga 2019"]
[Site "Poronin"]
[Date "2019.09.09"]
[Round "3.14"]
[White "Polok, Kacper"]
[Black "Brzeski, Maciej"]
[Result "1/2-1/2"]
[WhiteElo "2307"]
[BlackElo "2339"]
[Annotator "TA"]
[PlyCount "116"]
[EventDate "2019.09.07"]
[EventType "team-tourn"]
[EventCountry "POL"]
[SourceTitle "playchess.com"]
[Source "ChessBase"]
[SourceQuality "1"]

{[%evp 13,116,-25,-7,-16,33,35,37,18,22,-33,16,19,16,12,46,33,102,102,106,118,92,107,103,104,174,157,184,134,150,141,145,156,161,106,95,85,92,85,175,20,18,20,20,0,3,6,78,70,70,70,70,52,52,52,52,52,52,37,37,37,37,37,37,37,37,37,37,8,8,7,7,8,9,9,9,9,9,9,9,9,9,0,0,0,8,8,8,8,8,8,8,8,8,8,8,0,8,0,0,0,0,0,8,0,8]} 1. e4 e5 2. f4 exf4 3. Bc4 Nf6 4. Nc3 c6 5. d4 d5 6. exd5 cxd5 7. Bb3 Bd6 8. Nge2 {[#] C33: King's Gambit Accepted: 3 Nc3 and 3 Bc4} f3 $1 {[%mdl 512]} (8... Bg4 9. O-O g5 10. Nxd5 Nxd5 11. Bxd5 Nc6 12. Qd3 Qb6 13. Kh1 O-O-O 14. c3 Bc7 15. Bf3 h5 16. Bxg4+ hxg4 {½-½ (50) Savchenko,B (2562)-Aronian,L (2765) St Petersburg 2018}) 9. gxf3 Nc6 10. Bg5 {White is slightly better.} h6 11. Be3 $146 (11. Bh4 $11) ({Predecessor:} 11. Bh4 Be6 12. Qd2 Ne4 13. Bxd8 Nxd2 14. Kxd2 Rxd8 15. Bxd5 Nxd4 16. Nxd4 {½-½ (27) Voitsekhovsky,S (2527)-Tomashevsky,E (2444) Samara 2003}) 11... Be6 12. Qd2 a6 13. O-O-O Na5 14. Nf4 g5 (14... Nxb3+ $14 15. axb3 Qe7) 15. Nxe6 $16 fxe6 16. h4 Nxb3+ 17. axb3 gxh4 18. Rxh4 Kd7 (18... Qe7 $16) 19. Rdh1 h5 20. Na4 Qc7 21. Kb1 Raf8 22. Bg5 Kc8 23. Bxf6 (23. Qe1 $18 Qf7 24. Bf4) 23... Rxf6 24. Rxh5 Rxh5 25. Rxh5 Rxf3 (25... Kb8 $16) 26. Rh8+ $2 (26. Rh6 $18) 26... Rf8 $11 27. Rxf8+ Bxf8 28. Qf2 Bd6 29. Qe2 e5 (29... Qe7 $11 {remains equal.}) 30. Qg4+ Kb8 31. Qg8+ Ka7 32. Qxd5 Qc6 33. Qxc6 bxc6 34. dxe5 Bxe5 $14 {[%mdl 4096] Endgame KB-KN} 35. c3 a5 36. Kc2 Ka6 37. Nc5+ Kb5 38. Nd3 (38. Ne6 {looks sharper.} c5 39. Kd3 Bf6 40. Nf4 Bg5 41. Nd5) 38... Bd6 39. Kd2 Be7 40. c4+ Kb6 {The position is equal.} 41. Ke3 Kc7 42. Ke4 Kd6 43. c5+ Ke6 44. Kd4 Bf6+ 45. Kc4 Bg7 46. b4 axb4 47. b3 Bc3 $1 48. Nf4+ Ke5 49. Ne2 Bb2 50. Kxb4 Kd5 51. Nf4+ Ke4 52. Ne6 {[#] Black must now prevent Kc4.} Ke5 53. Nc7 Kd4 $1 54. Ne6+ Ke5 55. Ng7 Kd5 56. Nf5 {aiming for Ne7+.} Bf6 57. Ne3+ Kd4 58. Nf5+ Ke5 {Accuracy: White = 56%, Black = 59%.} 1/2-1/2

[Event "POL-chT 2 Liga 2019"]
[Site "Poronin"]
[Date "2019.09.09"]
[Round "3.16"]
[White "Wieczorek, Zbigniew"]
[Black "Lukasiewicz, Grzegorz"]
[Result "1-0"]
[WhiteElo "2193"]
[BlackElo "2164"]
[Annotator "TA"]
[PlyCount "97"]
[EventDate "2019.09.07"]
[EventType "team-tourn"]
[EventCountry "POL"]
[SourceTitle "playchess.com"]
[Source "ChessBase"]
[SourceQuality "1"]

{[%evp 14,97,34,35,46,49,45,28,87,93,77,78,73,59,58,59,64,-28,-27,-15,0,0,-24,-55,-53,-50,-41,-43,-54,-173,-72,-83,-16,-17,-36,-20,0,0,0,0,17,14,11,0,0,-18,-14,-16,-14,-44,-45,-27,-21,-22,0,0,0,-19,0,0,0,-31,0,0,0,0,0,0,-8,-23,8,5,51,0,579,210,385,385,611,564,2887,2660,29979,6334,29988,29989]} 1. Nf3 d5 2. g3 c6 3. Bg2 Bf5 4. d3 e6 5. O-O Nd7 6. c4 Ngf6 7. cxd5 exd5 8. Nc3 Be7 {[#] A11: English Opening: 1...c6} 9. e4 $1 {[%mdl 512]} dxe4 10. dxe4 Be6 $146 (10... Nxe4 $11 {keeps the balance.} 11. Nd4 Nxc3 12. bxc3 Bg6) ({Predecessor:} 10... Nxe4 11. Nd4 Nxc3 12. bxc3 Bg6 13. Re1 O-O 14. Bxc6 Qc8 15. Bxb7 Qxb7 16. Rxe7 {½-½ (33) Svidler,P (2739)-Vitiugov,N (2719) Chita 2015}) 11. Nd4 Bc4 12. Re1 Ne5 13. Nf5 $1 {[%cal Rf5g7]} O-O 14. Bf4 Nfd7 15. Qh5 (15. Qc2 $14) 15... Bf6 $1 $11 16. Ne3 g6 17. Qd1 $1 Ba6 {Strongly threatening ...Nd3.} 18. Ng4 Nxg4 19. Qxg4 Ne5 20. Bxe5 $1 Bxe5 21. f4 (21. Bf1 $15) 21... Bd4+ (21... Qb6+ $19 22. Kh1 Qxb2) 22. Kh1 $17 Qe7 (22... Bxc3 $17 23. bxc3 Qa5) 23. e5 $11 Bxc3 24. bxc3 Rad8 25. f5 $1 Rfe8 26. f6 Qc5 27. Qf4 Bc4 28. Re4 Bd5 29. Qh6 {[%csl Gf6][%cal Rh6g7]} Qf8 30. Qxf8+ Kxf8 31. Re3 Bxg2+ 32. Kxg2 $15 {[%mdl 4096] Endgame KRR-KRR} Rd5 33. Rae1 Re6 34. g4 Ke8 35. R1e2 Kd7 36. c4 Rd4 37. Re4 Rd1 38. g5 Re8 39. Rh4 Ke6 40. Rxh7 Rd4 41. h4 Red8 42. Kf3 {With the idea h5.} Rd3+ 43. Re3 {Threatens to win with Rxd3.} Rd2 $2 {[%mdl 8192] [#]} (43... R3d7 $1 $11) 44. h5 $2 (44. Rxf7 $3 {[%mdl 512]} Kxf7 45. e6+ Kg8 {[#]} 46. h5 $1 {[%mdl 512]} (46. f7+ Kg7 $11)) 44... gxh5 $2 (44... R2d7 45. hxg6 fxg6) 45. g6 $1 $18 Rh2 (45... fxg6 $142 46. Re7+ Kf5) 46. Kg3 Rdd2 {Hoping for ...Rdg2+.} 47. gxf7 Rhg2+ 48. Kf3 Rdf2+ 49. Ke4 {Accuracy: White = 65%, Black = 34%.} 1-0